|
|
แสดงรายละเอียดบรรณานุกรม |
|
|
Brief Record
: Get Marc (ISO 2709)
: E-mail record
: |
|
|
| LEADER 00000nam 2200000uu 4500 | |||
| 001 213088 | |||
| 003 ULIBM | |||
| 008 020711s2562 th a 000 0 tha d | |||
| 020 9789748001791 | |||
| 041 ^atha | |||
| 050 4 BQ 4190 พ349 2562 | |||
| 100 สมเด็จพระพุทธโฆษาจารย์ (ป. อ. ปยุตฺโต) | |||
| 245 ธรรมะฉบับเรียนลัด/^cสมเด็จพระพุทธโฆษาจารย์ (ป. อ. ปยุตฺโต) | |||
| 250 พิมพ์ครั้งที่ 41 | |||
| 260 นครปฐม :^bสำนักพิมพ์ผลิธัมม์ ในเครือบริษัท สำนักพิมพ์เพ็ทแอนด์โฮม จำกัด,^c2562 | |||
| 300 43 หน้า ;^c21 ซม. | |||
| 650 4 ธรรมะกับชีวิตประจำวัน | |||
| 650 4 ^aธรรมะ | |||
| 999 ^aใช้งานได้ทุกระบบ | |||
| คุณยังไม่ได้ล็อกอิน คุณสามารถมีกิจกรรมร่วมกับเว็บไซต์ได้ แต่ต้องล็อกอินก่อน :: |
|
| สถานะ | |||||||||
| 1. | หนังสือทั่วไป | BQ 4190 พ349 2562 ฉ.1 | On Shelf ขอยืม | ||||||
| [แสดง 1/1 รายการ] | |||||||||
BibComment |
| คอมเมนท์ทรัพยากรรายการนี้ |
|
|